Odstraňovanie defektov z digitalizovaných fotografií

Uložené v:
Podrobná bibliografia
Hlavný autor: Jenčík, Tomáš (Autor)
Ďalší autori: Sopiak, Dominik (Vedúci práce)
Médium: Rukopis Kniha
Jazyk:Slovak
Vydavateľské údaje: 2025
Predmet:
On-line prístup:http://is.stuba.sk/zp/portal_zp.pl?podrobnosti=184392
Tagy: Pridať tag
Žiadne tagy, Buďte prvý, kto otaguje tento záznam!

MARC

LEADER 00000ntm a22000003a 4500
001 stuzp102099
003 SK-STU
005 20250614210955.9
007 ta
008 150427s2015----xo-----f-mn---000-0-slo-d
040 |a STU  |b slo 
041 0 |a slo 
100 1 |a Jenčík, Tomáš  |u 035000  |4 aut  |U FEI Fakulta elektrotechniky a informatiky  |T FEI Ústav informatiky a matematiky  |X 111291  |U E050  |Y 816  |7 111291 
242 0 1 |a Defect Removal from Digitized Photographs  |y eng 
245 1 0 |a Odstraňovanie defektov z digitalizovaných fotografií 
260 |c 2025 
650 4 |a annotation  |2 eng 
650 4 |a LaMa  |2 eng 
650 4 |a dataset  |2 eng 
650 4 |a U-Net  |2 eng 
650 4 |a CVAT  |2 eng 
650 4 |a CNN  |2 eng 
650 4 |a LaMa  |2 slo 
650 4 |a anotácia  |2 slo 
650 4 |a CVAT  |2 slo 
650 4 |a dataset  |2 slo 
650 4 |a U-Net  |2 slo 
650 4 |a CNN  |2 slo 
700 1 |a Sopiak, Dominik  |u 030510  |k Z8  |4 ths  |U FEI Fakulta elektrotechniky a informatiky  |T FEI INOLab - Centrum pre inovácie a kybernetickú bezpečnosť  |X 64721  |U 030510  |Y 846  |7 A000064721 
856 4 |u http://is.stuba.sk/zp/portal_zp.pl?podrobnosti=184392